[Event "Worldchess Armageddon 2019"]
[Site "Moscow"]
[Date "2019.06.10"]
[Round "1.1"]
[White "Inarkiev, Ernesto"]
[Black "Nepomniachtchi, Ian"]
[Result "1/2-1/2"]
[WhiteElo "2693"]
[BlackElo "2775"]
[Annotator "TA"]
[PlyCount "194"]
[EventDate "2019.06.10"]
[EventCountry "RUS"]
[SourceTitle "playchess.com"]
[Source "ChessBase"]
[SourceQuality "1"]

{[%evp 19,194,23,29,-9,-10,-7,0,-6,0,-12,0,-7,7,20,14,0,16,0,9,8,27,33,30,23,37,28,34,38,53,0,45,37,48,0,0,0,0,-3,0,0,0,-13,-13,-9,0,0,0,0,0,0,0,-4,-11,-54,-54,-77,-15,-75,0,0,119,129,458,167,164,73,337,318,380,0,1851,429,5261,984,961,960,956,827,827,798,550,242,818,822,754,634,588,513,1047,954,1258,1110,1358,1199,889,511,468,391,1898,1731,29971,5197,29984,29984,29981,29980,29988,0,0,0,1325,0,29984,29985,29992,29986,29986,29987,29988,29981,29981,29982,29982,29981,29981,29981,29982,29979,29981,29979,29979,0,0,0,29940,29948,29958,29957,12850,1889,29953,12835,29947,0,29958,0,29949,29956,29958,29952,29949,9316,9680,0,0,0,0,0,0,0,0,0,0,0,0,0,0,0,0,0,0,0,0,0,0,0,0]} 1. d4 Nf6 2. Nf3 g6 3. Bf4 Bg7 4. e3 O-O 5. Be2 d6 6. h3 Nbd7 7. O-O Re8 8. c4 b6 9. Nc3 Bb7 10. Qc2 e5 11. Bh2 {E61: King's Indian: Early deviations for White, including Smyslov System} (11. Bg5 exd4 12. exd4 h6 13. Be3 Ne4 14. Nxe4 Bxe4 15. Qd2 d5 16. Bxh6 dxc4 17. Bg5 Bf6 18. h4 b5 {½-½ (60) Khotenashvili,B (2445)-Muzychuk,M (2546) Riga 2017}) 11... exd4 12. Nxd4 Nc5 13. Rad1 Nce4 $146 ({Predecessor:} 13... Nfe4 14. Nd5 a5 15. f3 Ng5 16. e4 Nge6 17. Nxe6 Nxe6 18. Bd3 Rc8 {½-½ (40) Schulz,K (2283)-Kabisch,T (2309) Luebeck 2016}) 14. Bf3 Qc8 (14... Rb8 {looks sharper.} 15. Nce2 h5 16. Bxe4 Bxe4 17. Qc1 h4) 15. Nxe4 Bxe4 (15... Nxe4 {keeps more tension.} 16. b4 a5 17. b5 a4 18. Ne2 f5) 16. Bxe4 Nxe4 17. Ne2 Qb7 18. Nf4 a6 19. f3 Nf6 20. e4 b5 21. b3 Rac8 22. Kh1 Nd7 23. Nd5 Nb6 24. c5 (24. Nxb6 $14 Qxb6 25. Rd5) 24... Nxd5 25. Rxd5 dxc5 26. Qxc5 (26. Rxc5 $14 c6 27. Rd1) 26... Bf8 $11 27. Qc3 c6 28. Rd3 Red8 29. Rfd1 Rxd3 30. Rxd3 c5 31. Be5 Qe7 32. Rd5 c4 33. bxc4 Rxc4 34. Qd3 h5 35. Kh2 Bg7 36. Bxg7 (36. Bf4 {is interesting.} Bb2 37. Kh1 Kg7 38. Rd7 Qf6 39. Be3) 36... Kxg7 {[%mdl 4096] Endgame KQR-KQR} 37. Qe3 Qe6 ({Black should play} 37... Qf6 $17) 38. Qd2 (38. Qg5 $11) 38... b4 (38... Qf6 $17) 39. Qb2+ f6 (39... Kh7 $11) 40. Qd2 $1 $16 {Black must now prevent Rd7+.} g5 $2 {[%mdl 8192] [#]} (40... Rc7 $16 {is a better chance.}) 41. Qd3 $2 (41. h4 $1 {[%mdl 512]}) 41... Rc6 {[#]} 42. e5 $1 {[%mdl 512]} Kh6 $2 {[%mdl 8192] [#]} (42... fxe5 $16 {was called for.} 43. Rd7+ Kf8) 43. h4 $1 {[%mdl 512] aiming for exf6.} g4 (43... gxh4 44. Qd2+) 44. exf6 $2 ({White has to play} 44. Qd2+ $18 Kg7 45. exf6+ Qxf6 46. fxg4 hxg4 47. Rg5+ Kf8 48. Qxb4+ Qd6+ 49. Qxd6+ Rxd6 50. Rxg4) 44... Qxf6 $2 {[%mdl 8192] [#]} (44... g3+ $11 45. Kxg3 Qe1+ 46. Kh3 Qh1+ 47. Kg3 Qe1+ 48. Kh3 Qh1+ 49. Kg3 Qe1+) 45. Qe3+ (45. Rxh5+ $142 $1 {[%mdl 512]} Kg7 (45... Kxh5 46. Qh7+) 46. Qd7+ {[%mdl 64] Double Attack} Kf8 47. Rf5 gxf3 48. Rxf6+ Rxf6 49. gxf3) 45... Kg6 (45... Kg7 $142 46. Qa7+ Kf8 47. Qb8+ {[%mdl 64] Double Attack} Kg7 48. Qb7+ Kf8 49. Qb8+ Kg7 50. Qb7+ Kg8 51. Rg5+ Kf8 52. Qb8+ Ke7) 46. Rg5+ (46. Qe8+ $142 Kh6 47. Rxh5+ Kg7 48. Rg5+ Qxg5 49. hxg5) 46... Kf7 $18 47. Qe4 g3+ 48. Kh3 Qe6+ 49. Qxe6+ Kxe6 50. Kxg3 {KR-KR} (50. Rxh5 $142 Kd7 51. Kxg3) 50... Kd6 $2 (50... Rc2 51. Rg6+ (51. Rxh5 Rxa2 52. Rh6+ Kd5 $14) 51... Kd5) 51. Rxh5 Kc7 52. Ra5 Kb6 53. Re5 Rc2 (53... a5 $142 54. h5 a4) 54. h5 Rxa2 55. h6 {h7 would kill now.} Rc2 56. Re8 {Threatens to win with h7.} Rc7 57. Kf4 a5 {[#]} 58. g4 $1 a4 $2 (58... b3 59. Rb8+ Rb7 60. Rxb7+ Kxb7) 59. Rb8+ Kc5 60. g5 a3 61. g6 a2 62. Ra8 b3 63. g7 $2 (63. h7 a1=Q 64. Rxa1 b2 65. Re1 Rd7 66. h8=Q Rd4+ 67. Kg3 Rd5 68. Qxb2) 63... b2 $11 64. g8=Q b1=Q $4 $18 {[%mdl 8192] KQR-KQR} (64... a1=Q $11 65. Qf8+ Kc4 66. Qg8+ Kc5 67. Qf8+ Kc4 68. Qg8+ Kc5) 65. Qf8+ $2 (65. Ra5+ Kb4 $11) ({White should try} 65. Qxa2 $18 {Threatening mate with Qa5+.} Qxa2 66. Rxa2 Rf7+ 67. Kg4) 65... Kc6 $2 {[%mdl 8192]} (65... Kb5 $11 66. Qe8+ Kb6 67. Qe6+ (67. Qe3+ Rc5 $11) 67... Rc6 68. Qe3+ (68. Qxa2 {leads to mate.} Rf6+ 69. Ke3 Qe1+ 70. Qe2 Re6+ {[%mdl 64] Skewer} 71. Kd4 Qxe2 72. Rb8+ Kc7 73. Rc8+ Kxc8 74. h7 Rd6+ 75. Kc5 Qe5+ 76. Kc4 Rc6+ 77. Kb4 Qb2+ 78. Ka5 Kb7 79. f4 Ra6#) 68... Rc5 69. Rb8+ Kc7) 66. Qf6+ Kc5 67. Qe5+ Kc6 68. Qe6+ {[%mdl 64] Double Attack} Kb5 69. Rb8+ Kc5 70. Qe5+ Kc6 71. Qc3+ Kd7 72. Qd4+ Kc6 73. Qc4+ Kd7 74. Qd5+ Ke7 75. Qd8+ $2 (75. Qe5+ {mates} Kd7 76. Qd5+ Ke7 77. Qe5+ Kd7 78. Qg7+ Ke6 79. Re8+ Kd6 80. Qf6+ Kd5 81. Rd8+ Kc4 82. Qd4+ Kb5 83. Qd5+ Kb4 84. Rb8+ Kc3 85. Qe5+ Kd2 86. Rd8+ Kc1 87. Qxc7+ Qc2 88. Qxc2+ Kxc2 89. Ra8) 75... Ke6 $11 {( -> ...Rf7+)} 76. Rxb1 {White threatens Rb6+ and mate.} axb1=Q $4 {[%mdl 8192]} (76... Rf7+ $11 77. Kg5 Rf5+ 78. Kg4 axb1=Q 79. Qe8+ Kf6 80. Qh8+ Ke6 81. Qe8+ Kf6 82. Qh8+ Ke6 83. Qe8+) 77. Qxc7 {KQ-KQ} Qf5+ 78. Ke3 Qg5+ 79. Qf4 Qg1+ 80. Ke2 Qg2+ 81. Ke3 Qg1+ 82. Ke2 Qg2+ 83. Kd3 Qf1+ 84. Kc3 Qa1+ 85. Kb4 (85. Kc2 $142 Qa6 86. Kd2 Qa2+ 87. Ke3 Qa1 88. Qc4+ Kf6 89. Qd4+ Qxd4+ 90. Kxd4) 85... Qb2+ {[#]} 86. Kc5 $2 (86. Kc4 $1 $18 Qc2+ 87. Kd4 Qb2+ 88. Kd3 Qb3+ 89. Ke2 Qb2+ 90. Kf1) 86... Qa3+ {The position is equal.} 87. Kb6 Qb3+ 88. Kc7 Qc3+ $1 89. Kb6 Qb3+ 90. Kc5 Qa3+ 91. Kb5 Qb3+ 92. Qb4 Qxf3 93. Qc4+ Kf6 $1 94. Qh4+ Kg6 95. h7 Qb7+ 96. Kc5 Qxh7 97. Qxh7+ Kxh7 {Accuracy: White = 48%, Black = 37%.} 1/2-1/2

[Event "Worldchess Armageddon 2019"]
[Site "Moscow"]
[Date "2019.06.10"]
[Round "1.2"]
[White "Nepomniachtchi, Ian"]
[Black "Inarkiev, Ernesto"]
[Result "1-0"]
[WhiteElo "2775"]
[BlackElo "2693"]
[Annotator "TA"]
[PlyCount "137"]
[EventDate "2019.06.10"]
[EventCountry "RUS"]
[SourceTitle "playchess.com"]
[Source "ChessBase"]
[SourceQuality "1"]

{[%evp 16,137,0,2,20,21,16,24,12,12,17,18,17,14,12,4,29,18,37,42,66,38,66,55,66,63,118,54,103,47,96,39,64,12,16,0,0,0,-8,-32,-4,-2,0,-25,-39,-31,-34,-22,-8,-8,-8,-18,0,-90,-40,-40,-40,-41,-43,-87,-93,-87,-87,-168,-12,-17,-25,-15,123,0,0,0,0,0,0,0,0,0,0,0,53,46,47,45,84,53,262,262,254,250,295,254,262,96,262,15,255,247,218,218,137,0,407,8,13,63,1323,1171,6729,11745,29962,29966,29962,12662,5897,5081,29970,29971,29972,29973,29974,29971,5089,12839]} 1. e4 e5 2. Nf3 Nc6 3. Bb5 a6 4. Ba4 Nf6 5. O-O Be7 6. d3 b5 7. Bb3 d6 8. a3 O-O 9. Nc3 Na5 {C77: Ruy Lopez: 3...a6 4 Ba4 Nf6, unusual lines} 10. Ba2 Be6 11. b4 Bxa2 {White has an edge.} 12. Nxa2 (12. Rxa2 Nc6 13. Bg5 Ng4 14. Bd2 Nf6 15. Re1 Qd7 16. Nd5 Nxd5 17. exd5 {½-½ (37) Anand,V (2774)-Svidler,P (2735) Karlsruhe/Baden Baden 2019}) 12... Nc6 13. c4 Qd7 14. Nc3 {[#]} Nd4 $146 ({Predecessor:} 14... Rab8 15. Be3 Ng4 16. Rc1 Nxe3 17. fxe3 {½-½ (49) Bellahcene,B (2493)-Krejci,J (2538) Balatonszarszo 2017}) 15. Be3 c5 16. Bg5 Rfc8 17. Bxf6 Bxf6 18. Nd5 {Threatens to win with Nxd4.} Bd8 19. Nxd4 cxd4 20. Rc1 f5 (20... a5 $14) 21. Qf3 (21. exf5 $16 Qxf5 22. f4) 21... g6 22. h3 (22. c5 $16) 22... Kg7 23. Rfe1 (23. exf5 $16 Qxf5 24. Qe2) 23... Rab8 24. exf5 (24. c5 $14) 24... Qxf5 $11 25. c5 Qxf3 26. gxf3 Kf7 27. cxd6 Rxc1 28. Rxc1 {[%mdl 4096] Endgame KRB-KRN} Ke6 29. Nc7+ Kxd6 30. Nxa6 Ra8 31. Nc5 Rxa3 {Hoping for ...Kd5.} 32. Nb7+ Kd7 33. Nc5+ Kd6 34. Kg2 (34. Nb7+ $11 Kd7 35. Nxd8 Kxd8 36. Rc5) 34... Be7 35. f4 $1 exf4 {And now ...Kd5 would win.} 36. Re1 $1 {[%cal Re1e6] Re6+ is the strong threat.} Ra7 {aiming for ...Kd5.} 37. Re4 Kd5 38. Nb3 Bf6 39. Rxf4 (39. Re8 $17) 39... Be5 $2 (39... Ra3 $19 40. Rxf6 Rxb3 {[%mdl 64] Double Attack}) 40. Rf8 Ra3 41. Rd8+ Ke6 (41... Bd6 $11 42. Nxd4 Kxd4 43. Rxd6+ Kc3) 42. Nxd4+ (42. Nc5+ $1 $16 Kf6 43. Rd5) 42... Bxd4 43. Rxd4 $16 {KR-KR} Rb3 44. Kf3 Ke5 45. Ke3 h5 46. h4 Rb1 {Strongly threatening ...Re1+.} 47. Re4+ Kd5 (47... Kf6 $11) 48. Kf4 $14 Rg1 $1 49. f3 Kd6 $1 50. Re5 Kc6 $2 ({Black should play} 50... Rh1 $14 51. Rxb5 Rxh4+ 52. Ke3 Ke6) 51. Rg5 Rb1 52. Rxg6+ Kc7 53. Ke5 Rxb4 54. d4 $2 (54. f4 $18) 54... Rb1 $2 (54... Rb2 $16) 55. d5 $2 (55. Rg7+ $1 $18 Kb6 56. f4) 55... b4 $2 (55... Re1+ $11 56. Kd4 Rc1) 56. Rg7+ $1 $18 Kb6 {[#]} 57. Rg8 $1 Kb7 {[#]} 58. d6 ({Better is} 58. Rg2 $1 $16) 58... Rd1 $2 {[%mdl 8192]} (58... Re1+ $1 $11 59. Kd4 Kc6) 59. Rg2 $2 (59. f4 $18) 59... b3 $1 $11 60. Rb2 Kc6 $2 {[%mdl 8192]} (60... Rd3 $14) 61. Rxb3 $18 Rd5+ 62. Ke4 {White threatens Rb6+! and mate.} Rxd6 63. Rc3+ Kb6 64. Kf5 (64. f4 $142 Rd2 65. f5 Rf2 66. Ke5 Re2+ 67. Kf4 Rh2 68. Kg3 Re2 69. f6) 64... Rd5+ 65. Kg6 Kb5 66. f4 Kb4 67. Rc8 Rd4 68. Kg5 Re4 69. f5 {Accuracy: White = 42%, Black = 35%.} 1-0

[Event "Worldchess Armageddon 2019"]
[Site "Moscow"]
[Date "2019.06.10"]
[Round "2.1"]
[White "Dubov, Daniil"]
[Black "Karjakin, Sergey"]
[Result "1/2-1/2"]
[WhiteElo "2700"]
[BlackElo "2748"]
[Annotator "TA"]
[PlyCount "117"]
[EventDate "2019.06.10"]
[EventCountry "RUS"]
[SourceTitle "playchess.com"]
[Source "ChessBase"]
[SourceQuality "1"]

{[%evp 12,117,23,9,18,1,23,0,60,63,70,55,67,58,62,63,73,0,0,0,23,7,0,0,0,0,0,-29,-27,-28,0,-16,0,0,0,0,0,0,0,0,0,0,9,3,98,102,166,175,188,177,187,176,178,137,168,94,93,96,96,100,96,-172,95,93,85,82,91,60,92,32,343,341,340,322,329,329,317,317,366,349,355,226,243,232,230,70,75,2,2,1,8,6,8,7,5,0,62,0,63,6,6,6,6,6,6,0,0,0]} 1. d4 Nf6 2. c4 e6 3. g3 Bb4+ 4. Nd2 c5 5. a3 Bxd2+ 6. Qxd2 cxd4 7. Nf3 d5 {E00: Catalan Bogo-Indian (3 g3 Bb4+)} 8. cxd5 e5 9. Bg2 Qxd5 (9... Nbd7 $1 $11) 10. Qg5 $14 O-O {And now ...Nc6 would win.} 11. Qxe5 Nc6 12. Qxd5 Nxd5 13. O-O Re8 {[#]} 14. Re1 $146 (14. Rd1 $16) ({Predecessor:} 14. Rd1 Rxe2 15. Nxd4 Nxd4 16. Bxd5 {½-½ (25) Matlakov,M (2700)-Karjakin,S (2753) St Petersburg 2018}) 14... Bf5 $11 15. Bd2 Be4 16. Rac1 Rad8 17. Rc5 h6 18. h4 a6 19. Bf1 Nb6 20. Rcc1 $1 Nd5 21. Nh2 Re7 22. Bg2 Bxg2 23. Kxg2 Nb6 24. Nf3 f6 25. b3 h5 26. Kf1 Kf7 27. Rc5 Rde8 (27... Rd5 $11 28. Rxd5 Nxd5) 28. Rxh5 $16 Ne5 {[#]} (28... Rd7 $16 {is a better defense.}) 29. Nxe5+ $1 $18 ({Don't do} 29. Nxd4 Rd7 $16) 29... fxe5 30. Rf5+ Ke6 31. Rg5 {Threatens to win with Rg6+.} Nd5 32. Rc1 Kf7 33. Rc5 (33. f4 $18) 33... Nf6 $16 {With the idea ...Ne4.} 34. Rf5 Kg6 35. g4 Ne4 36. h5+ Kh7 37. Rc2 g6 38. hxg6+ Kxg6 39. Kg2 Rh7 40. Kf3 ({Better is} 40. Bc1 $16) 40... Nf6 $2 {[%mdl 8192]} (40... Nd6 $1 $14 41. Rg5+ Kf6) 41. Rg5+ $18 Kf7 {intending ...Rh3+.} 42. Rc7+ {[%mdl 64] Double Attack} Ke6 43. Rxh7 Nxh7 {[%mdl 4096] Endgame KRB-KRN} 44. Rg6+ Kd5 45. g5 e4+ 46. Kg2 Re7 47. Rh6 Rg7 48. Rh5 $2 (48. Bf4 $18) 48... Nf6 $14 {[#]} 49. Rh3 (49. Rh4 $1 $16) 49... e3 $1 $11 {[%cal Re3d2]} 50. fxe3 Rxg5+ 51. Kf1 {aiming for e4+!} Ne4 52. Be1 Rf5+ 53. Rf3 Nd6 (53... Rh5 $11 54. Bb4 Ng5 55. Rf5+ Ke4) 54. exd4 ({White should play} 54. Bb4 $14 d3 55. Ke1 dxe2 56. Kxe2 Rxf3 57. Kxf3) 54... Kxd4 (54... Rxf3+ $1 $11 55. exf3 Nb5) 55. Rxf5 ({White should try} 55. Bf2+ $14 Ke4 56. Rxf5 Kxf5 57. a4) 55... Nxf5 {The position is equal.} 56. Kf2 Ke4 57. Bc3 Ne3 {Hoping for ...Nd1+.} 58. Ke1 Nc2+ 59. Kd2 {Accuracy: White = 53%, Black = 59%.} 1/2-1/2

[Event "Worldchess Armageddon 2019"]
[Site "Moscow"]
[Date "2019.06.10"]
[Round "2.2"]
[White "Karjakin, Sergey"]
[Black "Dubov, Daniil"]
[Result "1/2-1/2"]
[WhiteElo "2748"]
[BlackElo "2700"]
[Annotator "TA"]
[PlyCount "76"]
[EventDate "2019.06.10"]
[EventCountry "RUS"]
[SourceTitle "playchess.com"]
[Source "ChessBase"]
[SourceQuality "1"]

{[%evp 26,76,-1,0,0,0,0,-5,-8,-6,-18,-15,-4,-6,-8,-11,-20,-47,-14,-9,-2,-2,-2,-3,-4,-3,-6,-10,-7,-9,-9,-10,-9,-10,-7,-6,-6,-9,0,0,224,224,227,0,0,0,0,-168,0,0,0,0,0]} 1. Nf3 Nf6 2. c4 e6 3. Nc3 c5 4. e3 d5 5. cxd5 Nxd5 6. d4 cxd4 7. exd4 Nxc3 8. bxc3 Qc7 9. Bd2 Bd6 10. Bd3 Nd7 11. O-O O-O 12. a4 b6 13. Re1 Bb7 14. h3 Bf4 {B22: Sicilian: 2 c3} 15. Bxf4 Qxf4 16. Qd2 {[#]} Qc7 $146 ({Predecessor:} 16... Qxd2 17. Nxd2 Rac8 18. Ra3 Rfd8 19. Bf1 Rc7 20. a5 bxa5 21. Rb1 e5 22. Rxa5 exd4 23. cxd4 Ba8 24. Rba1 Nf8 25. Rxa7 Rxa7 26. Rxa7 Rxd4 27. Nc4 Bd5 28. Ne3 {½-½ (28) Berkes,F (2678)-Predojevic,B (2624) Valjevo 2018}) 17. Ne5 Nxe5 18. Rxe5 Rac8 19. Re3 g6 20. Bf1 Rfd8 21. Qb2 Rd5 22. c4 Rd7 23. a5 bxa5 24. Rea3 Rcd8 25. Rxa5 a6 $1 26. Rc5 Qf4 27. d5 exd5 28. cxd5 Bxd5 29. Qc1 Qe4 30. Rxa6 Bb7 $36 {[%mdl 2048] Black has some pressure.} 31. Ra1 Rd2 {Strongly threatening ...Qd4!} 32. Rc7 Qd4 $2 (32... R8d7 $11) 33. Rxb7 $18 {And now Qe1 would win.} Qxf2+ {[#]} 34. Kh1 $2 ({White must play} 34. Kh2 $1 $18) 34... R8d3 $1 $11 {[%cal Rd3h3] ( -> ...Rxh3+!)} 35. Qc8+ Kg7 $1 36. Rxf7+ $2 (36. Rbb1 $11) 36... Qxf7 $2 ({Black should play} 36... Kxf7 $19 37. Qc4+ Kg7 38. Qxd3 Rxd3 39. Bxd3 Qe3) 37. Bxd3 Rxd3 38. Qc1 Rd7 {Accuracy: White = 67%, Black = 59%.} 1/2-1/2

[Event "Worldchess Armageddon 2019"]
[Site "Moscow"]
[Date "2019.06.10"]
[Round "2.3"]
[White "Dubov, Daniil"]
[Black "Karjakin, Sergey"]
[Result "0-1"]
[WhiteElo "2700"]
[BlackElo "2748"]
[Annotator "TA"]
[PlyCount "86"]
[EventDate "2019.06.10"]
[EventCountry "RUS"]
[SourceTitle "playchess.com"]
[Source "ChessBase"]
[SourceQuality "1"]

{[%evp 12,86,8,0,8,3,16,0,67,66,60,63,67,61,63,60,58,0,0,5,9,5,6,0,-4,-18,0,-2,0,0,0,-13,16,14,82,8,8,8,2,-18,-5,-6,-14,-52,-64,-64,0,-17,0,-67,0,0,0,-90,-93,-83,-91,-82,-87,-90,-95,-121,-110,-153,-132,-147,-162,-260,-259,-259,-250,-497,-495,-462,-437,-29997,-857]} 1. d4 Nf6 2. c4 e6 3. g3 Bb4+ 4. Nd2 c5 5. a3 Bxd2+ 6. Qxd2 cxd4 7. Nf3 d5 {E00: Catalan Bogo-Indian (3 g3 Bb4+)} 8. cxd5 e5 9. Bg2 Qxd5 (9... Nbd7 $1 $11) 10. Qg5 $14 O-O {aiming for ...Nc6.} 11. Qxe5 Nc6 12. Qxd5 Nxd5 13. O-O Re8 {[#]} 14. Re1 $146 (14. Rd1 $14) ({Predecessor:} 14. Rd1 Rxe2 15. Nxd4 Nxd4 16. Bxd5 {½-½ (25) Matlakov,M (2700)-Karjakin,S (2753) St Petersburg 2018}) 14... Bf5 $11 15. Bd2 Be4 16. Rac1 Rad8 17. Rc5 h6 18. Nh4 Bxg2 19. Kxg2 Kh7 20. h3 Nb6 21. b3 g6 22. Nf3 h5 (22... Rd5 $11 23. Rxd5 Nxd5) 23. g4 (23. Ba5 $16) 23... hxg4 24. hxg4 Kg7 25. Bc1 Re4 26. Kg3 Nd7 27. Rg5 Nf6 28. Bb2 Nh7 ({Black should play} 28... Re7 $15 29. Nd2 b6) 29. Rb5 Nf6 30. Rg5 Nh7 (30... Nd5 $15 31. Rd1 f6 32. Nxd4 Nxd4 33. Bxd4 (33. Rxd4 Rxd4 34. Bxd4 Kf7 $17) 33... Nb6 34. Bxf6+ Kxf6 35. Rxg6+ Kxg6 36. Rxd8 Rxe2) 31. Rc5 Nf6 $36 {[%mdl 2048] Black is more active.} 32. Nh2 {[#]} (32. Rg5 $11 {keeps the balance.}) 32... Rxg4+ $1 $17 {[%mdl 512]} 33. Nxg4 Ne4+ {[%mdl 64] Double Attack} 34. Kg2 Nxc5 35. b4 Ne6 36. Rd1 a6 37. Nh2 f6 38. Nf3 g5 39. Ne1 (39. Rd2 $142) 39... Nf4+ $19 40. Kf1 Rh8 {[%cal Rh8h1]} 41. Kg1 $2 (41. Nf3) 41... Nxe2+ 42. Kg2 Nf4+ 43. Kf3 (43. Kg1 $19) 43... f5 {Accuracy: White = 27%, Black = 71%.} (43... Rh3+ $142 44. Kg4 Kg6 45. Bxd4 f5#) 0-1

[Event "Worldchess Armageddon 2019"]
[Site "Moscow"]
[Date "2019.06.11"]
[Round "3.1"]
[White "Wei, Yi"]
[Black "Kramnik, Vladimir"]
[Result "0-1"]
[WhiteElo "2741"]
[BlackElo "2753"]
[Annotator "RC"]
[PlyCount "152"]
[EventDate "2019.06.10"]
[EventCountry "RUS"]
[SourceTitle "playchess.com"]
[Source "ChessBase"]
[SourceQuality "1"]
[TimeControl "180+2"]

1. c4 e6 2. g3 d5 3. Bg2 Nf6 4. Nf3 dxc4 5. O-O a6 6. Qc2 c5 7. Ne5 Ra7 8. a4 b6 9. Na3 Bb7 10. Naxc4 Bxg2 11. Kxg2 Be7 12. b3 O-O 13. Bb2 Nc6 14. Nxc6 Qd5+ 15. e4 Qxc6 16. d3 Nd7 17. f4 Raa8 18. f5 b5 19. Ne3 Bf6 20. Bxf6 Nxf6 21. g4 Rad8 22. g5 Nd7 23. axb5 axb5 24. Qc3 b4 25. Qb2 Qd6 26. Rad1 Ne5 27. Nc4 Nxc4 28. dxc4 Qxd1 29. Rxd1 Rxd1 30. fxe6 fxe6 31. Qe5 Rd2+ 32. Kg3 Rd3+ 33. Kg4 Rxb3 34. Qxe6+ Kh8 35. h4 Rbf3 36. Kh5 b3 37. Qe5 Rf2 38. Qxc5 b2 39. Qb6 Rh2 40. Kg4 Re2 41. Kh5 Rxe4 42. Qxb2 Rxc4 43. Qe5 Rfc8 44. Qb2 Kg8 45. Qf2 Rf8 46. Qe1 Kh8 47. Qe5 Rfc8 48. Qg3 Re8 49. Qf2 Rcc8 50. Qd4 Red8 51. Qe4 Re8 52. Qd4 Rcd8 53. Qc4 Re7 54. Qb4 Rde8 55. Qd4 Re6 56. Qc4 Kg8 57. Qd5 Kh8 58. Qd4 h6 59. Qc4 Kh7 60. Qc7 hxg5 61. hxg5 Re5 62. Qc2+ Kh8 63. Qh2 Kg8 64. Qa2+ R5e6 65. Qd5 Kh7 66. Qb7 R8e7 67. g6+ Kg8 68. Qb3 Kf8 69. Qf3+ Kg8 70. Qb3 Kf8 71. Qf3+ Rf6 72. Qd5 Rfe6 73. Qf3+ Kg8 74. Qd5 Kh8 75. Qb3 Re4 76. Qb8+ Re8 0-1

[Event "Worldchess Armageddon 2019"]
[Site "Moscow"]
[Date "2019.06.11"]
[Round "3.2"]
[White "Kramnik, Vladimir"]
[Black "Wei, Yi"]
[Result "1-0"]
[WhiteElo "2753"]
[BlackElo "2741"]
[Annotator "TA"]
[PlyCount "49"]
[EventDate "2019.06.10"]
[EventCountry "RUS"]
[SourceTitle "playchess.com"]
[Source "ChessBase"]
[SourceQuality "1"]

{[%evp 13,49,31,41,31,31,34,30,31,41,39,35,22,17,24,26,28,30,27,42,50,48,56,84,62,52,48,108,29,29,29,106,103,106,106,318,335,485,488]} 1. d4 d5 2. Nf3 c6 3. e3 e6 4. c4 Bd6 5. Bd3 f5 6. O-O Nf6 7. b3 O-O 8. Ba3 {A84: Dutch Defence: 2 c4 Miscellaneous} b6 9. Bxd6 (9. Qc1 a5 10. Nbd2 Ba6 11. Ne5 c5 12. Ndf3 Nbd7 13. Rd1 Rc8 14. Nxd7 Qxd7 15. dxc5 {½-½ (15) Nguyen,N (2629)-Adhiban,B (2670) Tbilisi 2017}) 9... Qxd6 10. Nc3 {White has an edge.} Ne4 11. Qc2 Nd7 12. cxd5 exd5 13. Ne2 Bb7 14. Rac1 $146 ({Predecessor:} 14. Qb2 Rae8 15. Rad1 Re7 16. b4 Qf6 {0-1 (44) Townsend,M (2253)-Pavasovic,D (2561) Rogaska Slatina 2011}) 14... Rac8 15. Qb2 Rce8 16. b4 b5 17. a4 bxa4 18. Qa2 Nb6 {[#]} 19. Rc5 $1 {[%mdl 512]} Qh6 ({Black should try} 19... Qe7 $14) (19... Nxc5 20. bxc5) 20. Bxe4 (20. Ra5 $16) 20... fxe4 $11 21. Ne5 Ba6 (21... Re7 $11) 22. Rxc6 $16 Re6 23. Rc5 Kh8 $2 {[#]} (23... Bxe2 $16 24. Qxe2 Re7) 24. b5 $18 Bb7 (24... Bc8 $142 25. Rc7 Ref6 26. Rxa7 Qxe3 27. Nf7+ R8xf7 28. Rxf7 (28. fxe3 $2 {gets mated.} Rxf1#) 28... Qg5 29. Rxf6 Qxf6) 25. Rc7 {Accuracy: White = 70%, Black = 13%.} 1-0